| 000 | 01606nam a2200385 a 4500 | ||
|---|---|---|---|
| 001 | ebr10391791 | ||
| 003 | CaPaEBR | ||
| 006 | m u | ||
| 007 | cr cn||||||||| | ||
| 008 | 100104s2009 stka sbq 001 0 eng | ||
| 010 | _z 2009675401 | ||
| 020 | _z9780748633890 (hbk.) | ||
| 020 | _z0748633898 (hbk.) | ||
| 020 | _z9780748633906 (e-book) | ||
| 040 |
_aCaPaEBR _cCaPaEBR |
||
| 035 | _a(OCoLC)650486705 | ||
| 043 | _ae-uk--- | ||
| 050 | 1 | 4 |
_aD522.42 _b.H36 2009eb |
| 082 | 0 | 4 |
_a791.456580941 _222 |
| 100 | 1 | _aHanna, Emma. | |
| 245 | 1 | 4 |
_aThe Great War on the small screen _h[electronic resource] : _brepresenting the First World War in contemporary Britain / _cEmma Hanna. |
| 260 |
_aEdinburgh : _bEdinburgh University Press, _cc2009. |
||
| 300 |
_aviii, 190 p. : _bill. |
||
| 504 | _aIncludes bibliographical references (p. [175]-179) and index. | ||
| 504 | _aIncludes filmography (p. [173]-174). | ||
| 533 |
_aElectronic reproduction. _bPalo Alto, Calif. : _cebrary, _d2013. _nAvailable via World Wide Web. _nAccess may be limited to ebrary affiliated libraries. |
||
| 650 | 0 |
_aWorld War, 1914-1918 _xTelevision and the war. |
|
| 650 | 0 |
_aHistorical television programs _zGreat Britain. |
|
| 650 | 0 |
_aDocumentary television programs _zGreat Britain. |
|
| 650 | 0 |
_aWorld War, 1914-1918 _xHistoriography. |
|
| 650 | 0 |
_aWorld War, 1914-1918 _zGreat Britain _xHistoriography. |
|
| 655 | 7 |
_aElectronic books. _2local |
|
| 710 | 2 | _aebrary, Inc. | |
| 856 | 4 | 0 |
_uhttp://site.ebrary.com/lib/rucke/Doc?id=10391791 _zAn electronic book accessible through the World Wide Web; click to view |
| 999 |
_c191592 _d191592 |
||